Dôvodová správa k zákonu, ktorým sa novelizuje zákon o správe majetku štátu

Dôvodová správa k zákonu, ktorým sa novelizuje zákon o správe majetku štátu. Doložka zlučiteľnosti návrhu zákona s právom Európskej únie.

Na minha lista:
Detalhes bibliográficos
Formato: Capítulo de Livro
Idioma:eslovaco
Assuntos:
Tags: Adicionar Tag
Sem tags, seja o primeiro a adicionar uma tag!

MARC

LEADER 00000naa a2200000 4500
001 r041704
005 20230926083951.5
041 0 |a slo 
044 |a SK 
245 1 0 |a Dôvodová správa k zákonu, ktorým sa novelizuje zákon o správe majetku štátu 
520 |a Dôvodová správa k zákonu, ktorým sa novelizuje zákon o správe majetku štátu. Doložka zlučiteľnosti návrhu zákona s právom Európskej únie. 
610 2 0 |a majetok štátny 
610 2 0 |a vlastníctvo štátne 
610 2 0 |a správa štátna 
610 2 0 |a správy dôvodové 
610 2 0 |a Slovensko 
610 2 0 |a Európska únia 
610 2 0 |a normy právne 
610 2 0 |a aproximácia práva